[Event "VIII Memorial Gianfranco Molinari B"]
[Site "Milano ITA"]
[Date "2014.10.29"]
[Round "1"]
[White "Baronio, Gaia"]
[Black "Giaretta, Fulvio"]
[WhiteElo "1686"]
[BlackElo "1794"]
[Result "1-0"]
[PlyCount "75"]
[EventDate "2014.10.29"]

1. e4 e5 2. Nf3 Nc6 3. Bb5 g6 4. c3 Bg7 5. O-O Nge7 6. d3 O-O 7. Re1 d5 8. Nbd2
a6 9. Ba4 b5 10. Bc2 Kh8 11. Nf1 f6 12. Ng3 Bg4 13. h3 Be6 14. Bd2 Qd7 15. Qe2
Rae8 16. a4 Qc8 17. axb5 axb5 18. Ra3 Qb7 19. Rea1 Ra8 20. Qd1 Rxa3 21. Rxa3 d4
22. Qa1 dxc3 23. bxc3 b4 24. cxb4 Nxb4 25. Bb3 Bxb3 26. Rxb3 c5 27. Qa5 Qc6 28.
Bxb4 cxb4 29. Qxb4 Qd7 30. Qb7 Qe6 31. Rb6 Qf7 32. Rd6 Re8 33. Qd7 Kg8 34. Re6
Kf8 35. d4 exd4 36. Nxd4 Nc8 37. Rxe8+ Qxe8 38. Ne6+ 1-0

[Event "VIII Memorial Gianfranco Molinari B"]
[Site "Milano ITA"]
[Date "2014.10.29"]
[Round "1"]
[White "Berendino, Giacomo"]
[Black "Fantina, Carla"]
[WhiteElo "1636"]
[BlackElo "1358"]
[Result "1-0"]
[PlyCount "63"]
[EventDate "2014.10.29"]

1. d4 Nf6 2. Bg5 h6 3. Bxf6 gxf6 4. g3 Bg7 5. Bg2 c6 6. Nd2 e5 7. Ne4 d5 8. Nc5
Nd7 9. Nxd7 Bxd7 10. Nh3 Qa5+ 11. c3 Bxh3 12. Bxh3 O-O 13. O-O Qb6 14. Rb1 e4
15. Bf5 Rae8 16. e3 Re7 17. Qc2 c5 18. dxc5 Qxc5 19. g4 a5 20. Rfd1 Rd8 21. Rd4
b5 22. a3 Re5 23. Qd2 h5 24. h3 hxg4 25. hxg4 Bh6 26. Qe1 Qc7 27. Qf1 Rxf5 28.
gxf5 Qh2+ 29. Kxh2 Bg5 30. Qxb5 Kg7 31. Kg2 Kf8 32. Qxa5 1-0

[Event "VIII Memorial Gianfranco Molinari B"]
[Site "Milano ITA"]
[Date "2014.10.29"]
[Round "1"]
[White "Bracco, Valter"]
[Black "Crippa, Oscar"]
[WhiteElo "1447"]
[BlackElo "1685"]
[Result "0-1"]
[PlyCount "62"]
[EventDate "2014.10.29"]

1. e4 e6 2. d4 d5 3. exd5 exd5 4. Nf3 Bd6 5. Bd3 Nc6 6. c3 Bg4 7. O-O Qd7 8.
Re1+ Nge7 9. h3 Bh5 10. Be3 O-O-O 11. Nbd2 f6 12. a3 g5 13. Be2 Bf7 14. Nh2 h5
15. f3 Rdg8 16. Rf1 Nf5 17. Bf2 g4 18. fxg4 Bxh2+ 19. Kxh2 Qd6+ 20. g3 hxg4 21.
Bxg4 Be6 22. Qf3 Rxg4 23. Qxg4 Ne3 24. Qf4 Qxf4 25. gxf4 Rxh3+ 26. Kg1 Nxf1 27.
Rxf1 Rd3 28. Be1 Bg4 29. Rf2 Re3 30. Rf1 Re2 31. Nf3 Bxf3 0-1

[Event "VIII Memorial Gianfranco Molinari B"]
[Site "Milano ITA"]
[Date "2014.10.29"]
[Round "1"]
[White "Cagnotto, Marco"]
[Black "Colica, Daniele"]
[WhiteElo "1529"]
[BlackElo "1710"]
[Result "0-1"]
[PlyCount "66"]
[EventDate "2014.10.29"]

1. e4 d5 2. exd5 Nf6 3. d4 Bg4 4. Be2 Bxe2 5. Nxe2 Qxd5 6. f3 Nc6 7. Nbc3 Qf5
8. Be3 O-O-O 9. O-O e5 10. Nb5 a6 11. Na3 Bc5 12. c3 Rhe8 13. Nc2 Rd7 14. Qc1
Bb6 15. Rd1 Red8 16. a4 a5 17. b3 Nd5 18. Bf2 g5 19. c4 Ndb4 20. Nxb4 Nxb4 21.
d5 Bxf2+ 22. Kxf2 Nd3+ 23. Rxd3 Qxd3 24. Ra3 Qf5 25. Qd2 b6 26. b4 axb4 27.
Qxb4 e4 28. Ng3 e3+ 29. Rxe3 Qf4 30. a5 Rxd5 31. axb6 Rd2+ 32. Ne2 Qd6 33. Qa4
Qxb6 0-1

[Event "VIII Memorial Gianfranco Molinari B"]
[Site "Milano ITA"]
[Date "2014.10.29"]
[Round "1"]
[White "Conta, Diego"]
[Black "Verderame, Alberto"]
[WhiteElo "1694"]
[BlackElo "1474"]
[Result "1/2-1/2"]
[PlyCount "87"]
[EventDate "2014.10.29"]

1. e4 d6 2. d4 Nf6 3. Nc3 c6 4. Nf3 Bg4 5. Be2 e6 6. O-O d5 7. exd5 cxd5 8. Ne5
Bxe2 9. Qxe2 a6 10. Re1 Bd6 11. Bg5 O-O 12. Ng4 Be7 13. Nxf6+ Bxf6 14. Bxf6
Qxf6 15. Rad1 Nc6 16. Qd2 b5 17. a3 Rfb8 18. Na2 a5 19. Re3 b4 20. axb4 Nxb4
21. Nc3 a4 22. Ra1 Nc6 23. Rxa4 Rxa4 24. Nxa4 Nxd4 25. h3 Nf5 26. Rc3 h6 27. b4
Nd6 28. Qe1 Ne4 29. Rf3 Qe7 30. Rb3 e5 31. f3 Qa7+ 32. Kh2 Qxa4 33. fxe4 d4 34.
Qg3 Rxb4 35. Rxb4 Qxb4 36. Qxe5 Qc3 37. Qe8+ Kh7 38. Qa4 f6 39. h4 Qe3 40. Qc6
Qf4+ 41. Kh3 g5 42. Qd7+ Kg8 43. Qe8+ Kg7 44. Qe7+ 1/2-1/2

[Event "VIII Memorial Gianfranco Molinari B"]
[Site "Milano ITA"]
[Date "2014.10.29"]
[Round "1"]
[White "Frignani, Alessandro"]
[Black "Casamassima, Paolo"]
[WhiteElo "1469"]
[BlackElo "1687"]
[Result "0-1"]
[PlyCount "67"]
[EventDate "2014.10.29"]

1. e4 c5 2. f4 e6 3. Nf3 Nf6 4. Qe2 Nc6 5. c3 Qb6 6. b3 g6 7. Bb2 Bg7 8. d3 O-O
9. Nbd2 d5 10. e5 Nd7 11. g4 Re8 12. h4 f6 13. d4 cxd4 14. cxd4 Nb4 15. Nb1 Qc6
16. Bc3 a5 17. a3 Na6 18. Qb5 Qxb5 19. Bxb5 Nc7 20. Bd3 b5 21. b4 a4 22. Bd2
Nb6 23. Ra2 Bb7 24. Ke2 Nc4 25. Bxc4 dxc4 26. Nc3 Rad8 27. Be3 Rf8 28. Rf1 Bc6
29. Rd2 Nd5 30. Nxd5 Bxd5 31. Rc1 Rc8 32. Rc3 Bxf3+ 33. Kxf3 fxe5 34. d5 0-1

[Event "VIII Memorial Gianfranco Molinari B"]
[Site "Milano ITA"]
[Date "2014.10.29"]
[Round "1"]
[White "Iacchetti, Giovanni"]
[Black "Madaschi, Sergio"]
[WhiteElo "1714"]
[BlackElo "1532"]
[Result "0-1"]
[PlyCount "102"]
[EventDate "2014.10.29"]

1. c4 b6 2. Nf3 Bb7 3. Nc3 e6 4. g3 Nf6 5. Bg2 Be7 6. O-O O-O 7. d4 c5 8. Bg5
d6 9. Qc2 h6 10. Bf4 cxd4 11. Nb5 e5 12. Bd2 a6 13. Na3 Nbd7 14. Rfd1 Be4 15.
Qc1 Rc8 16. b3 Qc7 17. Bb4 Nc5 18. Qb2 Rfd8 19. Rac1 Qb8 20. Nb1 a5 21. Bxc5
dxc5 22. Nbd2 Bc6 23. Nf1 e4 24. Ne1 Qb7 25. e3 d3 26. Bh3 Bd7 27. Bxd7 Qxd7
28. Ng2 Qf5 29. Nh4 Qg5 30. Nd2 Bd6 31. Nf1 Be5 32. Qd2 Qg4 33. Ng2 Qh3 34. Nf4
Bxf4 35. exf4 h5 36. Qe3 Re8 37. Rd2 Ng4 38. Qe1 h4 39. Qd1 Rcd8 40. Rc3 hxg3
41. fxg3 Re6 42. Qe1 Rde8 43. Ne3 Nxe3 44. Qxe3 R6e7 45. Rf2 Qd7 46. f5 Qd4 47.
Qc1 e3 48. Rf4 Re4 49. Rxe4 Qxe4 50. Qe1 e2 51. h3 d2 0-1

[Event "VIII Memorial Gianfranco Molinari B"]
[Site "Milano ITA"]
[Date "2014.10.29"]
[Round "1"]
[White "Pollio, Ciro"]
[Black "Invernizzi, Ferruccio"]
[WhiteElo "1755"]
[BlackElo "1617"]
[Result "1-0"]
[PlyCount "113"]
[EventDate "2014.10.29"]

1. d4 d6 2. c4 e5 3. d5 Nf6 4. Nc3 g6 5. e4 Bg7 6. Nf3 O-O 7. Be2 Nbd7 8. b4 a5
9. Qa4 b6 10. Qc6 Ra7 11. Qa4 Bb7 12. O-O Ra8 13. b5 Nc5 14. Qc2 Bc8 15. Be3
Nfd7 16. Nd2 f5 17. exf5 Rxf5 18. Bg4 Rf8 19. Nde4 Nxe4 20. Nxe4 Nf6 21. Bxc8
Rxc8 22. Ng5 Ng4 23. Ne6 Nxe3 24. fxe3 Rxf1+ 25. Rxf1 Qe7 26. e4 Bh6 27. Qf2
Re8 28. h4 Qd7 29. Qf3 Rxe6 30. dxe6 Qxe6 31. Qe2 Bf4 32. a4 Qe7 33. Qg4 Kg7
34. g3 h5 35. Qf3 Bh6 36. Kg2 Kg8 37. Qf6 Qxf6 38. Rxf6 Kg7 39. Rf3 Bd2 40. g4
hxg4 41. Rg3 Bf4 42. Rxg4 Kh6 43. Kh3 Kh5 44. Rg2 Be3 45. Re2 Bf4 46. Rf2 g5
47. hxg5 Kxg5 48. Rg2+ Kf6 49. Rg8 Ke7 50. Kg4 Be3 51. Kf5 Bh6 52. Rh8 Be3 53.
Rh7+ Kd8 54. Ke6 Kc8 55. Rh8+ Kb7 56. Kd7 Bc5 57. Rc8 1-0

[Event "VIII Memorial Gianfranco Molinari B"]
[Site "Milano ITA"]
[Date "2014.10.30"]
[Round "2"]
[White "Casamassima, Paolo"]
[Black "Taccani Stella, Alberto"]
[WhiteElo "1687"]
[BlackElo "1300"]
[Result "1-0"]
[PlyCount "49"]
[EventDate "2014.10.29"]

1. d4 d5 2. c4 Nf6 3. Nf3 Nbd7 4. Nc3 e6 5. e3 Be7 6. Bd3 h6 7. O-O b6 8. Re1
c5 9. cxd5 exd5 10. Bb5 O-O 11. Nh4 Nb8 12. Nf3 Bg4 13. h3 Bd7 14. Ne5 Bxb5 15.
Nxb5 a6 16. Nc3 Bd6 17. Qf3 Bxe5 18. dxe5 Ne4 19. Nxe4 dxe4 20. Qxe4 Nd7 21. b3
Re8 22. f4 Nf6 23. Qf3 Nd5 24. Rd1 Qh4 25. Rxd5 1-0

[Event "VIII Memorial Gianfranco Molinari B"]
[Site "Milano ITA"]
[Date "2014.10.30"]
[Round "2"]
[White "Crippa, Oscar"]
[Black "Pollio, Ciro"]
[WhiteElo "1685"]
[BlackElo "1755"]
[Result "1/2-1/2"]
[PlyCount "26"]
[EventDate "2014.10.29"]

1. e4 c5 2. Nc3 Nc6 3. g3 Nf6 4. Bg2 e5 5. Nge2 d6 6. h3 Be7 7. d3 O-O 8. O-O
Nd4 9. f4 Rb8 10. a4 Bd7 11. g4 h6 12. Ng3 exf4 13. Bxf4 Nh7 1/2-1/2

[Event "VIII Memorial Gianfranco Molinari B"]
[Site "Milano ITA"]
[Date "2014.10.30"]
[Round "2"]
[White "Giaretta, Fulvio"]
[Black "Areni, Matteo"]
[WhiteElo "1794"]
[BlackElo "1557"]
[Result "1/2-1/2"]
[PlyCount "34"]
[EventDate "2014.10.29"]

1. e4 c5 2. Nf3 d6 3. d4 cxd4 4. Nxd4 Nf6 5. Nc3 g6 6. Be3 Bg7 7. Be2 O-O 8.
O-O Nc6 9. Qd2 Bd7 10. Rad1 Rc8 11. f3 Ne5 12. b3 Re8 13. Ncb5 a6 14. Na3 d5
15. exd5 Nxd5 16. c4 Nxe3 17. Qxe3 Qb6 1/2-1/2

[Event "VIII Memorial Gianfranco Molinari B"]
[Site "Milano ITA"]
[Date "2014.10.30"]
[Round "2"]
[White "Madaschi, Sergio"]
[Black "Conta, Diego"]
[WhiteElo "1532"]
[BlackElo "1694"]
[Result "1-0"]
[PlyCount "71"]
[EventDate "2014.10.29"]

1. e4 e6 2. d4 d5 3. Nd2 Nf6 4. e5 Nfd7 5. Bd3 c5 6. c3 Nc6 7. Ne2 cxd4 8. cxd4
Qb6 9. Nf3 Be7 10. O-O f6 11. Nf4 Nb4 12. Bb1 fxe5 13. dxe5 Nf8 14. a3 Nc6 15.
b4 Bd7 16. Be3 Qc7 17. Nd3 Ng6 18. Qc2 Rc8 19. Qb2 b6 20. Rc1 Qb7 21. Ba2 O-O
22. Rc2 Rxf3 23. gxf3 d4 24. Bxd4 Nxd4 25. Rxc8+ Bxc8 26. Qxd4 Qxf3 27. Qe3
Qg4+ 28. Qg3 Qd4 29. Rc1 Qd7 30. Qg4 Nf8 31. Nf4 Qd2 32. Rxc8 Qxa2 33. Qxe6+
Qxe6 34. Nxe6 Kf7 35. Nxf8 Bxf8 36. f4 1-0

[Event "VIII Memorial Gianfranco Molinari B"]
[Site "Milano ITA"]
[Date "2014.10.30"]
[Round "2"]
[White "Poletto, Daniele"]
[Black "Baronio, Gaia"]
[WhiteElo "1731"]
[BlackElo "1686"]
[Result "0-1"]
[PlyCount "100"]
[EventDate "2014.10.29"]

1. c4 c6 2. Nf3 Nf6 3. g3 d5 4. b3 Bf5 5. Bb2 e6 6. Bg2 Be7 7. O-O h6 8. d3 O-O
9. Nbd2 Nbd7 10. cxd5 cxd5 11. Rc1 Rc8 12. Rxc8 Qxc8 13. Qa1 Qa8 14. Rc1 Rc8
15. Rxc8+ Qxc8 16. Qc1 Qxc1+ 17. Bxc1 Bc5 18. Bb2 Ng4 19. Bd4 b6 20. Bxc5 bxc5
21. h3 Ngf6 22. d4 Ne4 23. dxc5 Ndxc5 24. Nxe4 Nxe4 25. Nd4 Bh7 26. a4 Nc5 27.
Nc6 Nxb3 28. Nxa7 Na5 29. Nc8 Bc2 30. Nb6 Kf8 31. e3 Bb3 32. Bf1 Bc4 33. Bxc4
dxc4 34. Kf1 Ke7 35. Ke2 Kd6 36. Kd2 Kc5 37. Nd7+ Kb4 38. Nb6 Kb3 39. Kc1 Kc3
40. Nd7 Nb3+ 41. Kd1 Kb2 42. Ne5 Na5 43. Nf3 c3 44. Nd4 Nc4 45. Nc2 Kb1 46. Nb4
Nb2+ 47. Ke2 c2 48. Nxc2 Kxc2 49. a5 Nc4 50. a6 Nb6 0-1

[Event "VIII Memorial Gianfranco Molinari B"]
[Site "Milano ITA"]
[Date "2014.10.30"]
[Round "2"]
[White "Verderame, Alberto"]
[Black "Iacchetti, Giovanni"]
[WhiteElo "1474"]
[BlackElo "1714"]
[Result "0-1"]
[PlyCount "32"]
[EventDate "2014.10.29"]

1. Nf3 d6 2. d4 f5 3. b3 Nf6 4. Bb2 g6 5. Nbd2 Bg7 6. e3 c6 7. Bd3 O-O 8. Qe2
a5 9. a4 Na6 10. c3 Re8 11. O-O e5 12. e4 exd4 13. cxd4 Nb4 14. Bb1 fxe4 15.
Nxe4 Nxe4 16. Bxe4 d5 0-1

[Event "VIII Memorial Gianfranco Molinari B"]
[Site "Milano ITA"]
[Date "2014.10.30"]
[Round "2"]
[White "Vigliaroli, Matteo Luigi"]
[Black "Cagnotto, Marco"]
[WhiteElo "1652"]
[BlackElo "1529"]
[Result "1/2-1/2"]
[PlyCount "56"]
[EventDate "2014.10.29"]

1. e4 c5 2. c3 Nc6 3. Nf3 Nf6 4. e5 Nd5 5. d4 cxd4 6. cxd4 d6 7. exd6 Qxd6 8.
Be2 g6 9. O-O Bg7 10. Nc3 Bf5 11. Nxd5 Qxd5 12. Be3 O-O 13. Qd2 Rfd8 14. Rfd1
Rd7 15. Nh4 Rad8 16. Nxf5 Qxf5 17. h3 Qe6 18. Bb5 a6 19. Bxc6 Qxc6 20. Rac1 Qe6
21. d5 Rxd5 22. Qxd5 Rxd5 23. Rxd5 f5 24. Rd8+ Kf7 25. b3 Bb2 26. Rcc8 Bg7 27.
Re8 Qd7 28. Red8 Qe6 1/2-1/2

[Event "VIII Memorial Gianfranco Molinari B"]
[Site "Milano ITA"]
[Date "2014.10.31"]
[Round "3"]
[White "Areni, Matteo"]
[Black "Verderame, Alberto"]
[WhiteElo "1557"]
[BlackElo "1474"]
[Result "1-0"]
[PlyCount "45"]
[EventDate "2014.10.29"]

1. e4 d6 2. Nc3 Nf6 3. f4 c6 4. Nf3 Bg4 5. h3 Bxf3 6. Qxf3 Nbd7 7. b3 e5 8. Bb2
Qa5 9. g4 g6 10. O-O-O Bg7 11. Kb1 O-O 12. Be2 b5 13. g5 Nh5 14. f5 b4 15. Na4
Nc5 16. Nxc5 Qxc5 17. f6 Bh8 18. d4 exd4 19. Bxd4 Qxg5 20. Rhg1 Qa5 21. Qxh5 c5
22. Bc4 Qd8 23. Rxg6+ 1-0

[Event "VIII Memorial Gianfranco Molinari B"]
[Site "Milano ITA"]
[Date "2014.10.31"]
[Round "3"]
[White "Baronio, Gaia"]
[Black "Colica, Daniele"]
[WhiteElo "1686"]
[BlackElo "1710"]
[Result "0-1"]
[PlyCount "71"]
[EventDate "2014.10.29"]

1. e4 d5 2. exd5 Nf6 3. Bb5+ Bd7 4. Be2 Bf5 5. Nf3 Nxd5 6. d4 e6 7. O-O Be7 8.
c4 Nf6 9. Nc3 h6 10. h3 Ne4 11. Qb3 Nxc3 12. bxc3 Qc8 13. Ba3 c5 14. Ne5 O-O
15. Bf3 Nc6 16. Nxc6 bxc6 17. Qa4 Qc7 18. Bxc6 Rac8 19. d5 Rfd8 20. Rfe1 Qf4
21. Bc1 Qh4 22. Bd7 Rb8 23. dxe6 Bxe6 24. Bxe6 fxe6 25. Rxe6 Bf6 26. Re3 Qh5
27. Ba3 Qf5 28. Qxa7 Be5 29. Qa4 Rb1+ 30. Re1 Rxa1 31. Rxa1 Bxc3 32. Rf1 Rd2
33. Qe8+ Kh7 34. Qe7 Bd4 35. Qe1 Rxa2 36. g4 0-1

[Event "VIII Memorial Gianfranco Molinari B"]
[Site "Milano ITA"]
[Date "2014.10.31"]
[Round "3"]
[White "Berendino, Giacomo"]
[Black "Invernizzi, Ferruccio"]
[WhiteElo "1636"]
[BlackElo "1617"]
[Result "1-0"]
[PlyCount "59"]
[EventDate "2014.10.29"]

1. d4 d6 2. Nf3 Nf6 3. e3 g6 4. g3 Bg7 5. Bg2 O-O 6. O-O c6 7. Nbd2 Nbd7 8. c4
e5 9. Qc2 exd4 10. Nxd4 Nc5 11. b4 Ne6 12. Bb2 Nxd4 13. Bxd4 d5 14. Rfd1 Bf5
15. Qb2 Be6 16. Rac1 Nh5 17. Bxg7 Nxg7 18. cxd5 Bxd5 19. Ne4 Qe7 20. Nf6+ Kh8
21. Nxd5 cxd5 22. Rxd5 Kg8 23. Rdc5 Ne6 24. R5c4 Rab8 25. h4 b6 26. Rg4 a5 27.
b5 f5 28. Rgc4 Qf6 29. Qb3 Nc5 30. Rxc5+ 1-0

[Event "VIII Memorial Gianfranco Molinari B"]
[Site "Milano ITA"]
[Date "2014.10.31"]
[Round "3"]
[White "Bracco, Valter"]
[Black "Frignani, Alessandro"]
[WhiteElo "1447"]
[BlackElo "1469"]
[Result "1/2-1/2"]
[PlyCount "54"]
[EventDate "2014.10.29"]

1. e4 e5 2. Nf3 Qf6 3. Nc3 c6 4. d4 d6 5. dxe5 dxe5 6. Bg5 Qd6 7. Qe2 f6 8. Rd1
Qb4 9. Bc1 Bg4 10. a3 Qb6 11. h3 Bh5 12. b4 Nd7 13. Be3 Qc7 14. Rd2 Nb6 15. Qd1
Rd8 16. Be2 Bf7 17. O-O g6 18. Nh2 h5 19. f4 Bd6 20. fxe5 Bxe5 21. Rxd8+ Qxd8
22. Qxd8+ Kxd8 23. Bd2 Bc4 24. Rd1 Kc7 25. Re1 Rh7 26. Nf3 Bg3 27. Rf1 Re7
1/2-1/2

[Event "VIII Memorial Gianfranco Molinari B"]
[Site "Milano ITA"]
[Date "2014.10.31"]
[Round "3"]
[White "Cagnotto, Marco"]
[Black "Giaretta, Fulvio"]
[WhiteElo "1529"]
[BlackElo "1794"]
[Result "0-1"]
[PlyCount "38"]
[EventDate "2014.10.29"]

1. e4 e5 2. Nf3 Nc6 3. d4 exd4 4. Nxd4 Qh4 5. Nc3 Bb4 6. Nde2 Qxe4 7. Bd2 Qe5
8. a3 Ba5 9. Bf4 Bxc3+ 10. bxc3 Qa5 11. Qd3 d6 12. g3 Nf6 13. Bg2 O-O 14. O-O
Bf5 15. Qd2 Be4 16. f3 Bf5 17. Bg5 Nd7 18. Nf4 f6 19. Bh4 g5 0-1

[Event "VIII Memorial Gianfranco Molinari B"]
[Site "Milano ITA"]
[Date "2014.10.31"]
[Round "3"]
[White "Conta, Diego"]
[Black "Vigliaroli, Matteo Luigi"]
[WhiteElo "1694"]
[BlackElo "1652"]
[Result "0-1"]
[PlyCount "110"]
[EventDate "2014.10.29"]

1. e4 e6 2. d4 d5 3. e5 c5 4. c3 Nc6 5. Nf3 Qb6 6. Bd3 Bd7 7. O-O cxd4 8. cxd4
Nxd4 9. Nxd4 Qxd4 10. Nc3 Qb6 11. Qe2 Bc5 12. Kh1 Ne7 13. Bf4 Ng6 14. Bg3 O-O
15. f4 Bc6 16. f5 exf5 17. Rxf5 Rae8 18. Raf1 Re7 19. Qc2 Rfe8 20. Rh5 Bd4 21.
e6 Rxe6 22. Nxd5 Bxd5 23. Rxd5 Qxb2 24. Qxb2 Bxb2 25. Rb5 Bf6 26. Rxb7 R6e7 27.
Rxe7 Rxe7 28. Rb1 Nf8 29. Bc4 g6 30. h3 Kg7 31. Bd6 Re8 32. Rb8 Rxb8 33. Bxb8
Bd4 34. g3 Ne6 35. Kg2 Bb6 36. Bb3 Nd8 37. Bd5 Kf6 38. Bf4 Ne6 39. Bd2 Ke5 40.
Bb3 Kd4 41. Kf3 Kd3 42. Bh6 Nd4+ 43. Kg4 Nxb3 44. axb3 Kc3 45. b4 Kxb4 46. Bf8+
Kc4 47. Kg5 Bc5 48. Bg7 Be3+ 49. Kg4 a5 50. h4 f5+ 51. Kf3 Bd4 52. Bf8 a4 53.
Kf4 Bc5 54. Bg7 a3 55. g4 Bd4 0-1

[Event "VIII Memorial Gianfranco Molinari B"]
[Site "Milano ITA"]
[Date "2014.10.31"]
[Round "3"]
[White "Iacchetti, Giovanni"]
[Black "Crippa, Oscar"]
[WhiteElo "1714"]
[BlackElo "1685"]
[Result "0-1"]
[PlyCount "94"]
[EventDate "2014.10.29"]

1. c4 e6 2. Nc3 Nf6 3. e4 d6 4. Nf3 Nbd7 5. d4 e5 6. Be2 Be7 7. O-O O-O 8. Qc2
exd4 9. Nxd4 Ne5 10. Nf5 Bxf5 11. exf5 Re8 12. f4 Nc6 13. Bf3 Nd4 14. Qd3 Nxf3+
15. Qxf3 Qc8 16. g4 Bf8 17. b3 c6 18. Bb2 Qc7 19. g5 Qb6+ 20. Kg2 Re3 21. Na4
Rxf3 22. Nxb6 Rxf1 23. Nxa8 Rxa1 24. Bxa1 Nd7 25. b4 Be7 26. a4 Kf8 27. Bd4 c5
28. bxc5 dxc5 29. Bxg7+ Kxg7 30. f6+ Bxf6 31. gxf6+ Kxf6 32. Nc7 Nb6 33. Nb5
Nxa4 34. Nd6 b6 35. Ne4+ Kf5 36. Kf3 Nb2 37. Ng5 f6 38. Nxh7 Nxc4 39. h4 Kg6
40. Nf8+ Kf7 41. Nd7 a5 42. h5 a4 43. Kg4 a3 44. h6 Kg6 45. h7 Kxh7 46. Nxf6+
Kg6 47. Nd7 a2 0-1

[Event "VIII Memorial Gianfranco Molinari B"]
[Site "Milano ITA"]
[Date "2014.10.31"]
[Round "3"]
[White "Madaschi, Sergio"]
[Black "Casamassima, Paolo"]
[WhiteElo "1532"]
[BlackElo "1687"]
[Result "1/2-1/2"]
[PlyCount "137"]
[EventDate "2014.10.29"]

1. e4 c5 2. Nf3 Nc6 3. Bb5 Qc7 4. O-O a6 5. Be2 Nf6 6. d3 e6 7. Bg5 Be7 8. Nbd2
b5 9. a4 b4 10. Nc4 d5 11. exd5 Nxd5 12. Bxe7 Ndxe7 13. Qd2 Ng6 14. Qe3 Nce7
15. Qe4 Bb7 16. Qg4 Rd8 17. c3 Nd5 18. cxb4 Nxb4 19. Rfd1 Nc2 20. Rac1 Nd4 21.
Nxd4 Rxd4 22. Qg5 h6 23. Qe3 Nh4 24. Bf1 Nf5 25. Qe5 Qxe5 26. Nxe5 Rd5 27. Nf3
O-O 28. Be2 Rfd8 29. Kf1 a5 30. Rc3 Ba6 31. Ke1 g5 32. h3 Nd4 33. Nxd4 cxd4 34.
Rc6 Bc8 35. Rdc1 Bd7 36. R6c5 Bxa4 37. Rxd5 Rxd5 38. Rc8+ Kg7 39. Ra8 Bb3 40.
Bd1 Bxd1 41. Kxd1 Kf6 42. Ra6 Rf5 43. f3 Rb5 44. Kc2 h5 45. Ra7 e5 46. g3 Kg6
47. Ra8 f6 48. Ra6 g4 49. hxg4 hxg4 50. fxg4 Kg5 51. Kc1 Kxg4 52. Rxf6 Kxg3 53.
Rf1 a4 54. Re1 Kg4 55. Re4+ Kf3 56. Kc2 Ra5 57. Kc1 a3 58. bxa3 Rxa3 59. Rxe5
Rxd3 60. Rd5 Ke2 61. Re5+ Re3 62. Rg5 Kd3 63. Rg1 Rh3 64. Kd1 Rh2 65. Rg3+ Kc4
66. Rg1 Ra2 67. Rg3 d3 68. Rg5 Kd4 69. Rg6 1/2-1/2

[Event "VIII Memorial Gianfranco Molinari B"]
[Site "Milano ITA"]
[Date "2014.10.31"]
[Round "3"]
[White "Pollio, Ciro"]
[Black "Poletto, Daniele"]
[WhiteElo "1755"]
[BlackElo "1731"]
[Result "1-0"]
[PlyCount "101"]
[EventDate "2014.10.29"]

1. d4 Nf6 2. c4 g6 3. Nc3 Bg7 4. e4 d6 5. Nf3 O-O 6. Be2 e5 7. d5 a5 8. Be3 h6
9. c5 Ng4 10. Qd2 Nxe3 11. Qxe3 Na6 12. cxd6 cxd6 13. O-O Nc5 14. Nd2 f5 15.
exf5 Bxf5 16. Nde4 Nxe4 17. Nxe4 Bxe4 18. Qxe4 Qf6 19. Bg4 Kh7 20. Be6 Qf4 21.
Qc2 Qb4 22. Qc7 Rab8 23. b3 Qc5 24. Rac1 Qxc7 25. Rxc7 Rfd8 26. Rfc1 h5 27. Re7
Re8 28. Rd7 Red8 29. Rcc7 Rxd7 30. Rxd7 b5 31. Rxd6 Bf8 32. Ra6 a4 33. d6 axb3
34. axb3 Kg7 35. d7 Be7 36. Kf1 b4 37. Ke2 g5 38. f3 h4 39. Kd3 Rd8 40. Ke4 Rb8
41. Kxe5 Rb5+ 42. Bd5 Rb8 43. Rc6 Rd8 44. Ke6 Bf6 45. Rc8 Kg6 46. Kd6 Kf5 47.
Kc7 Ke5 48. Rxd8 Kxd5 49. Rg8 Kd4 50. Rg6 Be7 51. Re6 1-0

[Event "VIII Memorial Gianfranco Molinari B"]
[Site "Milano ITA"]
[Date "2014.10.31"]
[Round "3"]
[White "Taccani Stella, Alberto"]
[Black "Fantina, Carla"]
[WhiteElo "1300"]
[BlackElo "1358"]
[Result "0-1"]
[PlyCount "40"]
[EventDate "2014.10.29"]

1. c4 Nf6 2. g3 g6 3. Nc3 Bg7 4. Nf3 d6 5. d4 c6 6. Bg2 O-O 7. O-O Nbd7 8. Bf4
h6 9. Qd2 Kh7 10. b3 Nh5 11. Rfd1 Nxf4 12. Qxf4 Nf6 13. h3 Qa5 14. Rd3 Bd7 15.
Ne4 Nxe4 16. Qxe4 Bf5 17. Qxe7 Bxd3 18. exd3 Qc3 19. Qe1 Qxd3 20. Bf1 Qxf3 0-1

[Event "VIII Memorial Gianfranco Molinari B"]
[Site "Milano ITA"]
[Date "2014.11.01"]
[Round "4"]
[White "Casamassima, Paolo"]
[Black "Berendino, Giacomo"]
[WhiteElo "1687"]
[BlackElo "1636"]
[Result "1-0"]
[PlyCount "41"]
[EventDate "2014.10.29"]

1. d4 d5 2. c4 e5 3. dxe5 d4 4. a3 Nc6 5. Bf4 Be6 6. Nf3 Nge7 7. Qc2 Qd7 8.
Nbd2 Bf5 9. Qb3 O-O-O 10. Rc1 h5 11. h3 Ng6 12. Bh2 Re8 13. Qb5 Qe7 14. Nb3
Ngxe5 15. Nfxd4 Nd3+ 16. Kd2 Qg5+ 17. e3 Nxf2 18. Bf4 Qd8 19. Qxf5+ Kb8 20.
Bxc7+ Kxc7 21. Qxf2 1-0

[Event "VIII Memorial Gianfranco Molinari B"]
[Site "Milano ITA"]
[Date "2014.11.01"]
[Round "4"]
[White "Colica, Daniele"]
[Black "Pollio, Ciro"]
[WhiteElo "1710"]
[BlackElo "1755"]
[Result "1/2-1/2"]
[PlyCount "63"]
[EventDate "2014.10.29"]

1. Nf3 d5 2. b3 c5 3. e3 Bg4 4. Bb2 e6 5. Be2 Nf6 6. c4 dxc4 7. bxc4 Be7 8. O-O
O-O 9. d4 Nc6 10. Nbd2 cxd4 11. Nxd4 Bxe2 12. Qxe2 Rc8 13. Nxc6 Rxc6 14. Rad1
Qc7 15. e4 Qf4 16. g3 Qg4 17. f3 Bc5+ 18. Kg2 Qg6 19. Nb3 b6 20. Nd4 Bxd4 21.
Bxd4 Rfc8 22. Rc1 Nd7 23. Rfd1 R6c7 24. Rd2 Qg5 25. f4 Qe7 26. Rcd1 Nf8 27. Rc2
Qb4 28. Rdc1 Rd7 29. Bf2 Qd6 30. c5 bxc5 31. Bxc5 Qb8 32. Qe3 1/2-1/2

[Event "VIII Memorial Gianfranco Molinari B"]
[Site "Milano ITA"]
[Date "2014.11.01"]
[Round "4"]
[White "Crippa, Oscar"]
[Black "Madaschi, Sergio"]
[WhiteElo "1685"]
[BlackElo "1532"]
[Result "1/2-1/2"]
[PlyCount "78"]
[EventDate "2014.10.29"]

1. e4 c5 2. g3 Nc6 3. Bg2 e6 4. d3 g6 5. Ne2 Bg7 6. Nbc3 Nge7 7. O-O O-O 8. Be3
b6 9. Qd2 Re8 10. Rae1 Bb7 11. Bg5 Qc7 12. Nb5 Qb8 13. c4 a6 14. Nbc3 Nd4 15.
Nxd4 Bxd4 16. Ne2 Bg7 17. Bh6 Bh8 18. f4 Qc7 19. f5 exf5 20. exf5 Bxg2 21. Kxg2
Qc6+ 22. Kg1 d5 23. fxg6 Qxg6 24. Qg5 dxc4 25. dxc4 Nc6 26. b3 Re5 27. Qxg6+
hxg6 28. Bf4 Re6 29. Nc1 Rae8 30. Rxe6 Rxe6 31. Kg2 Bd4 32. h4 Ne7 33. a4 Nf5
34. Rf3 Ne3+ 35. Bxe3 Bxe3 36. Nd3 Bh6 37. g4 Re4 38. Kh3 Bg7 39. Nf4 Re5
1/2-1/2

[Event "VIII Memorial Gianfranco Molinari B"]
[Site "Milano ITA"]
[Date "2014.11.01"]
[Round "4"]
[White "Fantina, Carla"]
[Black "Baronio, Gaia"]
[WhiteElo "1358"]
[BlackElo "1686"]
[Result "0-1"]
[PlyCount "96"]
[EventDate "2014.10.29"]

1. c4 c6 2. e4 d5 3. exd5 cxd5 4. cxd5 Qxd5 5. Nc3 Qd8 6. g3 Nf6 7. Bg2 e6 8.
Nge2 Nbd7 9. d4 Nb6 10. O-O Nbd5 11. a3 Be7 12. Nf4 O-O 13. Nfxd5 Nxd5 14. Nxd5
exd5 15. Be3 Be6 16. h3 Qd7 17. Kh2 Rac8 18. Qd2 Rc6 19. Rfc1 Rfc8 20. Rxc6
Rxc6 21. Rc1 Rb6 22. Rc3 Bd6 23. Qc1 Qb5 24. b4 a5 25. Bf1 Qa4 26. b5 Bd7 27.
Rc8+ Bxc8 28. Qxc8+ Bf8 29. Qd8 Rd6 30. Qc7 b6 31. Qc3 Re6 32. Bc1 Qd1 33. Bd3
Qe1 34. Qxe1 Rxe1 35. Bb2 g6 36. Kg2 Rd1 37. Bf1 Rd2 38. Bc1 Rxd4 39. Be3 Ra4
40. Bxb6 Rxa3 41. Bc7 Bc5 42. Be2 Ra2 43. Kf3 a4 44. b6 Rb2 45. Bd1 Rxf2+ 46.
Kg4 h5+ 47. Kg5 Rf5+ 48. Kh6 Bf8# 0-1